Botticelli /
Descripción Física:
106 pàgines : il·lustracions ; 19 cm
Colección:
Ars Mundi
Materias:
Botticelli, Sandro, -- 1444 o 1445-1510
; Pintors -- S. XV -- Itàlia
; Pintors -- S. XVI -- Itàlia
Idioma:
French
MARC
| LEADER | 00000nam a2200000 a 4500 | ||
|---|---|---|---|
| 001 | 24854 | ||
| 008 | 220622b fr ||||| |||| 00| 0 fre d | ||
| 100 | |9 53592 |a Vaudoyer, Jean Louis | ||
| 245 | |a Botticelli / |c Jean Louis Vaudoyer | ||
| 260 | |a Paris : |b Éditions Aimery Somogy, |c 1950 | ||
| 300 | |a 106 pàgines : |b il·lustracions ; |c 19 cm | ||
| 490 | |a Ars Mundi | ||
| 500 | |a Fons Junyer-Canals, C-47 | ||
| 600 | 0 | |9 53593 |a Botticelli, Sandro, |d 1444 o 1445-1510 | |
| 650 | 0 | |a Pintors |y S. XV |z Itàlia | |
| 650 | 0 | |a Pintors |y S. XVI |z Itàlia | |
| 942 | |2 udc |c ARXIU |n 1 | ||
| 952 | |0 0 |1 0 |2 udc |4 0 |6 BIB878 |7 1 |9 62515 |a Arxiu |b Arxiu |d 2022-06-22 |o Bib-878 |p 24854 |r 2022-06-22 00:00:00 |w 2022-06-22 |y ARXIU | ||
| 999 | |c 82119 |d 82119 | ||